| 000 | 00765nam a22001817a 4500 | ||
|---|---|---|---|
| 999 |
_c62288 _d62288 |
||
| 005 | 20240916164509.0 | ||
| 008 | 240916s2022 enk||||| |||| 00| 0 eng d | ||
| 020 | _a9781638787778x | ||
| 041 | _aeng | ||
| 080 | _a159.9+615.8 C-95 | ||
| 100 |
_aCurtis, Erica _923233 |
||
| 245 |
_aArt Therapy Activities for Kids: _b75 Evidence-Based Art Projects to Improve Behavior, Build Social Skills, and Boost Emotional Resilience / _cErica Curtis. |
||
| 264 |
_aNaperville, _bCallisto Publishing, _c2022. |
||
| 300 |
_a112 p.: _bill.; _c24 cm. |
||
| 653 | _aარტთერაპიის აქტივობები ბავშვებისთვის | ||
| 653 | _aსოციალური უნარების ამაღლება | ||
| 942 |
_2udc _cBK |
||